000 00511nam a2200157 a 4500
001 000040299
005 20201002034037.0
008 130821s2005 gw a r 000 0 spa d
040 _aDO-SdBNP
_bspa
_cBNPHU
082 _axxxx
_bxxxx
245 0 3 _aLa actualidad de alemania /
_cDirección y concepción Peter Hintereder.
260 _aAlemania :
_bMinisterio Federal de Relaciones Exteriores,
_c2005.
300 _a184 p. : ;
_cil.;
_c21 cm.
590 _aInventariado, 2019/BT
700 1 _aHintereder, Peter
_966584
999 _c39789
_d39789